[Event "Chigorin Memorial 21st"]
[Site "St Petersburg"]
[Date "2013.10.08"]
[Round "4"]
[White "Antinyan, Armen"]
[Black "Lazarev, Alexander A"]
[Result "1-0"]
[WhiteElo "2179"]
[BlackElo "1945"]
[PlyCount "63"]
[EventDate "2013.10.05"]
[EventType "swiss"]
[EventRounds "9"]
[EventCountry "RUS"]
[SourceTitle "CBM 156 Extra"]
[Source "ChessBase"]
[SourceDate "2013.10.22"]
[SourceVersion "1"]
[SourceVersionDate "2013.10.22"]
[SourceQuality "1"]

1. e4 e5 2. Nf3 Nc6 3. c3 Nf6 4. d4 exd4 5. e5 Nd5 6. cxd4 d6 7. Bb5 Bd7 8. Qe2 Be7 9. 0-0 a6 10. Bd3 dxe5 11. dxe5 Ndb4 12. Be4 Bg4 13. Rd1 Nd4 14. Rxd4 Qxd4 15. Nxd4 Bxe2 16. Nxe2 0-0-0 17. Nbc3 Nd3 18. Nd5 Bc5 19. Bxd3 Rxd5 20. Bf5+ Kb8 21. Bf4 Bd4 22. Be4 Bxb2 23. Rb1 Rb5 24. Bd3 Rd5 25. Bc4 Rd7 26. h4 Bd4 27. Bxa6 Bb6 28. Bb5 Rd5 29. Bc4 Rd7 30. e6 fxe6 31. Rxb6 e5 32. Bxe5 1-0

[Event "Chigorin Memorial 20th"]
[Site "St Petersburg"]
[Date "2012.10.29"]
[Round "3"]
[White "Lazarev, Alexander A"]
[Black "Fedorov, Viktor"]
[Result "0-1"]
[WhiteElo "1883"]
[BlackElo "2118"]
[PlyCount "48"]
[EventDate "2012.10.27"]
[EventType "swiss"]
[EventRounds "9"]
[EventCountry "RUS"]
[SourceTitle "EXT 2013"]
[Source "ChessBase"]
[SourceDate "2012.11.22"]
[SourceVersion "1"]
[SourceVersionDate "2012.11.22"]
[SourceQuality "1"]

1. e4 c5 2. Nf3 a6 3. d4 cxd4 4. Nxd4 e6 5. Nc3 Qc7 6. a3 Nf6 7. Be3 b5 8. Qd2 Bb7 9. f3 d5 10. exd5 Nxd5 11. Nxd5 Bxd5 12. 0-0-0 Nd7 13. Kb1 Nb6 14. Qa5 Bd6 15. Nxb5 axb5 16. Qxb6 Qxb6 17. Bxb6 Ke7 18. Bd4 b4 19. axb4 Ba2+ 20. Kc1 Bf4+ 21. Rd2 Rhd8 22. Bc3 Bc4 23. b3 Bxf1 24. Rxf1 Bxd2+ 0-1

[Event "Chigorin Memorial 20th"]
[Site "St Petersburg"]
[Date "2012.10.27"]
[Round "1"]
[White "Lazarev, Alexander A"]
[Black "Schepetkova, Margarita"]
[Result "0-1"]
[WhiteElo "1883"]
[BlackElo "2239"]
[PlyCount "70"]
[EventDate "2012.10.27"]
[EventType "swiss"]
[EventRounds "9"]
[EventCountry "RUS"]
[SourceTitle "EXT 2013"]
[Source "ChessBase"]
[SourceDate "2012.11.22"]
[SourceVersion "1"]
[SourceVersionDate "2012.11.22"]
[SourceQuality "1"]

1. e4 c6 2. d4 d5 3. e5 Bf5 4. Nf3 e6 5. Nbd2 Nd7 6. c3 f6 7. exf6 Ngxf6 8. Be2 Bd6 9. Nh4 0-0 10. h3 Be4 11. Nf1 e5 12. f3 Nh5 13. Be3 Qxh4+ 14. g3 Nxg3 15. Bf2 exd4 16. Rg1 Qe7 17. Bxg3 Bxg3+ 18. Nxg3 Bxf3 19. Qxd4 Bxe2 20. Nxe2 Ne5 21. 0-0-0 Nf3 22. Qd3 Nxg1 23. Rxg1 Rae8 24. Qd4 Qe3+ 25. Kb1 Qxd4 26. Nxd4 Rf4 27. Kc2 Re3 28. h4 c5 29. Nb5 Rxh4 30. Nxa7 Rh2+ 31. Kb3 Ree2 32. Rb1 g5 33. Nc8 g4 34. Nd6 g3 35. Nf5 Rxb2+ 0-1

[Event "RUS-ch U10"]
[Site "Dagomys"]
[Date "2009.04.??"]
[Round "4"]
[White "Zakharov, Kirill"]
[Black "Lazarev, Alexander A"]
[Result "1-0"]
[WhiteElo "1911"]
[BlackElo "2013"]
[PlyCount "85"]
[EventDate "2009.04.15"]
[EventType "swiss"]
[EventRounds "9"]
[EventCountry "RUS"]
[SourceTitle "EXT 2012"]
[Source "ChessBase"]
[SourceDate "2011.11.24"]
[SourceVersion "1"]
[SourceVersionDate "2011.11.24"]
[SourceQuality "1"]

1. d4 d5 2. Nf3 Nf6 3. e3 e6 4. Bd3 h6 5. b3 Bd6 6. Bb2 b6 7. Nbd2 Nbd7 8. 0-0 0-0 9. Ne5 Be7 10. f4 Nxe5 11. fxe5 Nh7 12. Qe2 Kh8 13. e4 Bb7 14. exd5 Bxd5 15. c4 Bb7 16. Ne4 Ng5 17. Rf2 Nxe4 18. Bxe4 Bxe4 19. Qxe4 Qe8 20. Raf1 Rd8 21. Bc1 f5 22. exf6 Bxf6 23. Bxh6 Bxd4 24. Qxd4 Rxd4 25. Rxf8+ Qxf8 26. Rxf8+ Kh7 27. Be3 Rd3 28. Kf2 c6 29. Re8 Rc3 30. Rxe6 Rc2+ 31. Kf3 Rxa2 32. Rxc6 Rb2 33. Rc7 Rxb3 34. Rxa7 Rc3 35. Rb7 Rxc4 36. Bxb6 Rh4 37. h3 Ra4 38. g4 Rc4 39. h4 Ra4 40. h5 Rc4 41. g5 Rh4 42. g6+ Kg8 43. Rb8# 1-0